000 02170nam2a22002411 4500
001 RU\NLR\INFOCOMM6\1000508120
005 20250617012746.0
035 _a(NLR Aleph) 002343833
090 _a4491129
_c4491129
100 _a20041105d1986 |||y0rusy50 ca
101 0 _arus
102 _aRU
105 _ay |||||||||
200 1 _aСправочник организаций-участниц сотрудничества
210 _d1986
_aБ. м.
461 0 _1001RU\NLR\INFOCOMM6\1000508100
_12001#$aИнформационный бюллетень$fКоординац. центр стран-членов СЭВ по проблеме "Изучение хим., физ., биол. и др. процессов важнейших районов Мирового океана и разработка соврем. техн. средств для эффективного исследования и освоения его ресурсов". Ин-т океанологии им. П.П.Ширшова АН СССР$v№22
_94491127
_aСЭВ. Координационный центр по проблеме "Изучение химических, физических, биологических и других процессов важнейших районов Мирового океана и разработка современных технических средств для эффективного исследования и освоения его ресурсов"
_cМ.
_d1976-
_fКоординац. центр стран-членов СЭВ по проблеме "Изучение хим., физ., биол. и др. процессов важнейших районов Мирового океана и разработка соврем. техн. средств для эффективного исследования и освоения его ресурсов". Ин-т океанологии им. П.П.Ширшова АН СССР
_tИнформационный бюллетень
_v№22
801 1 _aRU
_bInfoComm
_c20041105
801 0 _aRU
_bNLR
_gPSBO
852 _aNLR
_jП8/1165
942 _cISSUE
980 _aNB
980 _aRUSPER